Clean water handbook

Guardat en:
Dades bibliogràfiques
Format: Llibre
Idioma:Undetermined
Publicat: Maryland Government Institutes 1996
Matèries:
Etiquetes: Afegir etiqueta
Sense etiquetes, Sigues el primer a etiquetar aquest registre!
Thư viện lưu trữ: Trung tâm Học liệu Trường Đại học Cần Thơ
LEADER 00485nam a2200181Ia 4500
001 CTU_141555
008 210402s9999 xx 000 0 und d
082 |a 628.1 
082 |b G163 
245 0 |a Clean water handbook 
245 0 |c Lynn M. Gallagher, Leonard A. Miller 
260 |a Maryland 
260 |b Government Institutes 
260 |c 1996 
650 |a Clean water 
650 |x Handbook 
904 |i Bạch Trúc 
980 |a Trung tâm Học liệu Trường Đại học Cần Thơ